00553nam a22001937a 450000500170000001000250001702000260004203500170006803500140008503500130009903700120011203700130012408200150013710000190015224500760017126000410024727000450028830000260033320170719165538.0 a1617EN ENG-116749 a9788184846027c850.00 aB-652147-156 aEN-100281 aB-666219 bPragati bDBAD/PUB a305.420954 aGursharan Kaur aRural development programmes and women empowerment /cby Gursharan Kaur aNew DelhibRegal Publications c2016 aF-159, Rajouri GardenbNew Delhie110027 a186p.b22cm(Hb)cill.